000 00408nam a2200145Ia 4500
008 090124s9999 xx 000 0 und d
082 _b206041
245 _a चंदन संतन घिसे
250 _a1
260 _bसत्य शकुन
_c2001
300 _a104
630 _a चंदन संतन घिसे
730 _a चंदन संतन घिसे
942 _cBOOK
999 _c187625
_d187625